Statistiques concernant Les jouets dans Toy Story par images ( partie 2)

Cliquez ici pour prendre le quiz!

Statistiques générales

  • Ce quiz a été pris 48 fois
  • Le résultat moyen est 6 sur 16

Statistiques - réponses

Réponse% Correct
Ken
97%
La bergère
87%
Soldats
84%
Be, Bop et Lula
71%
Karting
42%
Singe
42%
Téléphone
34%
Big Baby
32%
Lenny
21%
Rocky Gibraltar
18%
Dolly
16%
Ecran
11%
Twitch
11%
Vulcain
8%
Chunk
5%
Flex
5%

Distribution des résultats

Percentile par nombre de réponses

% des personnes avec chaque résultat

Votre développement - résultats

Vous n’avez pas pris ce quiz